France in Eurovision - 12 points - Statistics

General Stats
  • This quiz has been taken 52 times
    38 since last reset
  • The average score is 71 of 82
Answer Stats
Hint Answer % Correct
1985 Israel
97%
1998 Israel
97%
2017 SF (Jury) Israel
97%
2018 (Jury) Israel
97%
2018 (Televote) Israel
97%
2019 (Televote) Israel
97%
2023 (Jury) Israel
97%
2024 SF (Televote) Israel
97%
2024 (Televote) Israel
97%
1981 Sweden
97%
2011 SF Sweden
97%
2012 Sweden
97%
1992 Italy
93%
2016 (Jury) Italy
93%
1983 Luxembourg
93%
1990 Luxembourg
93%
2021 (Televote) Ukraine
93%
2022 (Televote) Ukraine
93%
1975 United Kingdom
93%
1977 United Kingdom
93%
1989 United Kingdom
93%
1995 United Kingdom
93%
1997 United Kingdom
93%
2022 (Jury) United Kingdom
93%
1978 Belgium
90%
1984 Belgium
90%
1986 Belgium
90%
2003 Belgium
90%
2015 SF Belgium
90%
2015 Belgium
90%
1988 Denmark
90%
2013 Denmark
90%
1976 Portugal
90%
1999 Portugal
90%
2001 Portugal
90%
2005 SF Portugal
90%
2008 SF Portugal
90%
2017 (Jury) Portugal
90%
2017 (Televote) Portugal
90%
2019 SF (Televote) Portugal
90%
2023 SF (Televote) Portugal
90%
2024 (Jury) Portugal
90%
2002 Spain
90%
2011 Spain
90%
1996 QR Austria
87%
1996 Austria
87%
2016 SF (Jury) Austria
87%
1979 Germany
87%
1980 Netherlands
87%
1987 Netherlands
87%
2019 (Jury) Netherlands
87%
1994 Poland
87%
1993 Switzerland
87%
2021 SF (Jury) Greece
83%
2021 (Jury) Greece
83%
2022 SF (Jury) Greece
83%
2009 SF Serbia
83%
2010 SF Serbia
83%
2012 SF Serbia
83%
2006 SF Armenia
80%
2008 Armenia
80%
2013 SF Armenia
80%
2014 SF Armenia
80%
2014 Armenia
80%
2016 SF (Televote) Armenia
80%
2016 (Televote) Armenia
80%
2022 SF (Televote) Armenia
80%
2023 (Televote) Armenia
80%
1991 Cyprus
80%
2019 SF (Jury) Iceland
80%
2000 Turkey
80%
2004 Turkey
80%
2005 Turkey
80%
2006 Turkey
80%
2007 SF Turkey
80%
2007 Turkey
80%
2009 Turkey
80%
2010 Turkey
80%
2018 SF (Jury) Australia
73%
2017 SF (Televote) Romania
63%
2018 SF (Televote) Moldova
53%
2021 SF (Televote) Moldova
53%
No matching quizzes found
Score Distribution
Percent of People with Each Score
Percentile by Number Answered
Your Score History
You have not taken this quiz since the last reset